Authors - Statistics

General Stats
  • This quiz has been taken 215 times
    149 since last reset
  • The average score is 46 of 79
Answer Stats
Hint Answer % Correct
Animal Farm George Orwell
94%
To Kill a Mockingbird Harper Lee
92%
Anna Karenina Leo Tolstoy
89%
The Adventures of Huckleberry Finn Mark Twain
89%
War and Peace Leo Tolstoy
85%
King Lear William Shakespeare
85%
A Tale of Two Cities Charles Dickens
83%
The Great Gatsby F. Scott Fitzgerald
83%
Pride and Prejudice Jane Austen
83%
Jane Eyre Charlotte Bronte
79%
Wuthering Heights Emily Bronte
79%
Great Expectations Charles Dickens
77%
A Farewell to Arms Ernest Hemingway
77%
Alice's Adventures in Wonderland Lewis Carroll
77%
Sense and Sensibility Jane Austen
75%
The Divine Comedy Dante
74%
The Brothers Karamazov Fyodor Dostoyevsky
74%
Uncle Tom's Cabin Harriet Beecher Stowe
74%
Ulysses James Joyce
72%
The Catcher in the Rye J.D. Salinger
72%
The Grapes of Wrath John Steinbeck
72%
Don Quixote Miguel de Cervantes
72%
Les Miserables Victor Hugo
72%
Brave New World Aldous Huxley
70%
The Count of Monte Cristo Alexandre Dumas
70%
Moby Dick Herman Melville
70%
Crime and Punishment Fyodor Dostoyevsky
68%
The Canterbury Tales Geoffrey Chaucer
68%
Lolita Vladimir Nabokov
68%
The Three Musketeers Alexandre Dumas
66%
Slaughterhouse Five Kurt Vonnegut
66%
The Picture of Dorian Gray Oscar Wilde
66%
Inferno Dante
64%
Metamorphosis Franz Kafka
64%
A Streetcar Named Desire Tennessee Williams
64%
For Whom the Bell Tolls Ernest Hemingway
62%
One Hundred Years of Solitude Gabriel Garcia Marquez
62%
Heart of Darkness Joseph Conrad
62%
The Scarlet Letter Nathaniel Hawthorne
62%
The Call of the Wild Jack London
60%
Fahrenheit 451 Ray Bradbury
60%
Paradise Lost John Milton
58%
The Merry Wives of Windsor William Shakespeare
58%
Death of a Salesman Arthur Miller
57%
Little Women Louisa May Alcott
57%
Aeneid Virgil
57%
Candide Voltaire
57%
Lord of the Flies William Golding
57%
Robinson Crusoe Daniel Defoe
55%
The Sun Also Rises Ernest Hemingway
55%
Catch-22 Joseph Heller
55%
The Importance of Being Earnest Oscar Wilde
55%
To the Lighthouse Virginia Woolf
53%
Pygmalion George Bernard Shaw
51%
A Doll's House Henrik Ibsen
49%
The Stranger Albert Camus
47%
Mrs. Dalloway Virgina Woolf
47%
The Charge of the Light Brigade Alfred Lord Tennyson
45%
The Magic Mountain Thomas Mann
45%
Faust Johann Wolfgang von Goethe
43%
Invisible Man Ralph Ellison
43%
The Glass Menagerie Tennessee Williams
42%
Vanity Fair William Thackeray
42%
The Crucible Arthur Miller
40%
Oedipus Rex Sophocles
40%
Antigone Sophocles
40%
Pilgrim's Progress John Bunyan
38%
The Waste Land T.S. Eliot
38%
The Rime of the Ancient Mariner Samuel Coleridge
36%
The Sound and the Fury William Faulkner
36%
Things Fall Apart Chinua Achebe
34%
Eugene Onegin Aleksandr Pushkin
32%
The Red Badge of Courage Stephen Crane
30%
Long Day's Journey Into Night Eugene O'Neill
25%
The Jungle Upton Sinclair
23%
A Raisin in the Sun Lorraine Hansberry
21%
My Antonia Willa Cather
17%
White Noise Don Delillo
15%
Our Town Thornton Niven Wilder
15%
No matching quizzes found
Score Distribution
Percent of People with Each Score
Percentile by Number Answered
Your Score History
You have not taken this quiz since the last reset